النشاط الطلابي : دليل شامل يجمع بين التنظير و التطبيق / (رقم التسجيلة. 114261)

تفاصيل مارك
000 -LEADER
fixed length control field 00687nam a22002057a 4500
005 - DATE AND TIME OF LATEST TRANSACTION
control field 20251108174635.0
008 - FIXED-LENGTH DATA ELEMENTS--GENERAL INFORMATION
fixed length control field 250721s2006 xx 000 0 ara d
020 ## - INTERNATIONAL STANDARD BOOK NUMBER
International Standard Book Number 9960510557
082 14 - DEWEY DECIMAL CLASSIFICATION NUMBER
Classification number 371.8/حرب
100 1# - MAIN ENTRY--PERSONAL NAME
Personal name الحربي، يحيى بن صالح
Relator term مؤلف
245 10 - TITLE STATEMENT
Title النشاط الطلابي : دليل شامل يجمع بين التنظير و التطبيق /
264 1# - PRODUCTION, PUBLICATION, DISTRIBUTION, MANUFACTURE, AND COPYRIGHT NOTICE
Place of production, publication, distribution, manufacture الرياض :
Name of producer, publisher, distributor, manufacturer دار الحضارة للنشر و التوزيع،
Date of production, publication, distribution, manufacture, or copyright notice 2006.
300 ## - PHYSICAL DESCRIPTION
Extent 232 ص.
490 0# - SERIES STATEMENT
Series statement النشاط الطلابي
Volume/sequential designation 1
650 17 - SUBJECT ADDED ENTRY--TOPICAL TERM
Topical term or geographic name as entry element الطلاب
650 17 - SUBJECT ADDED ENTRY--TOPICAL TERM
Topical term or geographic name as entry element الندريس
650 17 - SUBJECT ADDED ENTRY--TOPICAL TERM
Topical term or geographic name as entry element النشاط الصيفي
942 ## - ADDED ENTRY ELEMENTS (KOHA)
Source of classification or shelving scheme Dewey Decimal Classification
Koha item type كتب
المقتنيات
حالة السحب حالة الفقدان مصدر التصنيف حالة التلف غير قابل للإعارة المكتبة الرئيسية المكتبة الحالية موقع الرف تاريخ التزويد الرقم المتسلسل Total Checkouts رقم الإستدعاء الباركود تاريخ آخر ظهور تاريخ الفاتورة نوع المادة (كوها)
Withdrawn   Dewey Decimal Classification     المكتبة المركزية المكتبة المركزية الإعارة 28/07/2025 1225169   371.8/حرب PLD00042919 28/07/2025 28/07/2025 كتب
    Dewey Decimal Classification     مكتبة أبو علندا العامة مكتبة أبو علندا العامة الإعارة 28/09/2008 1225179   371.8/حرب PLD00042929 28/07/2025 28/09/2008 كتب
    Dewey Decimal Classification     مكتبة أم قصير والمقابلين العامة مكتبة أم قصير والمقابلين العامة الإعارة 28/09/2008 1225178   371.8/حرب PLD00042928 28/07/2025 28/09/2008 كتب
    Dewey Decimal Classification     مكتبة الأميرة ايمان العامة مكتبة الأميرة ايمان العامة الإعارة 28/09/2008 1225170   371.8/حرب PLD00042920 28/07/2025 28/09/2008 كتب
    Dewey Decimal Classification     مكتبة الجويدة مكتبة الجويدة الإعارة 28/09/2008 1225174   371.8/حرب PLD00042924 28/07/2025 28/09/2008 كتب
    Dewey Decimal Classification     مكتبة الحسن العامة مكتبة الحسن العامة الإعارة 28/09/2008 1225175   371.8/حرب PLD00042925 28/07/2025 28/09/2008 كتب
    Dewey Decimal Classification     مكتبة النصر العامة مكتبة النصر العامة الإعارة 28/09/2008 1225181   371.8/حرب PLD00042931 28/07/2025 28/09/2008 كتب
    Dewey Decimal Classification     مكتبة حمزة العامة مكتبة حمزة العامة الإعارة 28/09/2008 1225176   371.8/حرب PLD00042926 28/07/2025 28/09/2008 كتب
    Dewey Decimal Classification     مكتبة صويلح العامة مكتبة صويلح العامة الإعارة 28/09/2008 1225171   371.8/حرب PLD00042921 28/07/2025 28/09/2008 كتب
    Dewey Decimal Classification     مكتبة وادي السير العامة مكتبة وادي السير العامة الإعارة 28/09/2008 1225180   371.8/حرب PLD00042930 28/07/2025 28/09/2008 كتب
Implemented & Customized by: BBB with SCIT (Smart Chains for Information Technology)

Powered by Koha